000 00340nam a2200157Ia 4500
100 _aa
650 _aTurner
942 _cBK
654 _aTurner-Second Year-Trade Theory
245 _aTurner-Second Year-Trade Theory
260 _bCIMI-Chennai
_aChennai
082 _a621.9
_bCIMI
300 _a175
546 _aENGLISH
999 _c17890
_d17890